Báo chí Việt Nam từ khởi thủy đến 1945

Sách gồm 7 chương giới thiệu về thông tin trong xã hội Việt Nam ngày xưa, chế độ báo chí Việt Nam dưới thời Pháp thuộc, giai đoạn khởi đầu của báo chí Việt Nam thời kỳ từ 1865 đến 1907, 1907 đến 1918, 1918 đến 1930, 1930 đến 1945 và các vâ...

Descripción completa

Guardado en:
Detalles Bibliográficos
Autor principal: Huỳnh, Văn Tòng
Formato: Libro
Lenguaje:Undetermined
Publicado: Thành phố Hồ Chí Minh Tổng hợp Thành phố Hồ Chí Minh 2016
Materias:
Etiquetas: Agregar Etiqueta
Sin Etiquetas, Sea el primero en etiquetar este registro!
Thư viện lưu trữ: Trung tâm Học liệu Trường Đại học Cần Thơ
LEADER 01089nam a2200217Ia 4500
001 CTU_221108
008 210402s9999 xx 000 0 und d
020 |c 115000 
082 |a 079.597 
082 |b T431 
100 |a Huỳnh, Văn Tòng 
245 0 |a Báo chí Việt Nam từ khởi thủy đến 1945 
245 0 |c Huỳnh Văn Tòng 
260 |a Thành phố Hồ Chí Minh 
260 |b Tổng hợp Thành phố Hồ Chí Minh 
260 |c 2016 
520 |a Sách gồm 7 chương giới thiệu về thông tin trong xã hội Việt Nam ngày xưa, chế độ báo chí Việt Nam dưới thời Pháp thuộc, giai đoạn khởi đầu của báo chí Việt Nam thời kỳ từ 1865 đến 1907, 1907 đến 1918, 1918 đến 1930, 1930 đến 1945 và các vấn đề đặc biệt của làng báo Việt Nam. 
650 |a Báo chí,Journalism 
650 |z Việt Nam,Vietnam 
904 |i Hải 
980 |a Trung tâm Học liệu Trường Đại học Cần Thơ